Fitxa 1 : Construcció de basses d'aigua de 150.000 a 200.000 l. de capacitat impermeabilitzades amb geomembrana Construcció de basses d'aigua de 150.000 a 200.000 l. de capacitat impermeabilitzades amb geomembrana
Publicado:
[Barcelona] :
Diputació de Barcelona, Xarxa de Municipis, Àrea de Cooperació, Oficina Tècnica de Prevenció Municipal d'Incendis Forestals ,
2001
Descripción Física:
[12] p. : il. ; 30 cm
MARC
| LEADER | 00000nam a2200000Ia 4500 | ||
|---|---|---|---|
| 001 | 15358 | ||
| 008 | 160829s2001 xx 000 0 cat d | ||
| 080 | |a FU-36-20 | ||
| 245 | |a Fitxa 1 : |b Construcció de basses d'aigua de 150.000 a 200.000 l. de capacitat impermeabilitzades amb geomembrana | ||
| 260 | |a [Barcelona] : |b Diputació de Barcelona, Xarxa de Municipis, Àrea de Cooperació, Oficina Tècnica de Prevenció Municipal d'Incendis Forestals, |c 2001 | ||
| 300 | |a [12] p. : |b il. ; |c 30 cm | ||
| 590 | |a A la contraportada: PPI - Pla municipal de prevenció d'incendis forestals | ||
| 650 | |a Tancs |x Projectes i construcció |9 21896 | ||
| 650 | 0 | |a Incendis forestals |x Prevenció i control |9 50256 | |
| 710 | |a Barcelona (Catalunya : Província). |b Oficina Tècnica de Prevenció Municipal d'Incendis Forestals |9 9456 | ||
| 901 | |a Arxiu | ||
| 942 | |n 1 | ||
| 952 | |0 0 |1 0 |4 0 |6 FU3620 |7 1 |9 41914 |a Arxiu |b Arxiu |d 2016-12-01 |l 0 |o FU-36-20 |p 15358 |r 2016-12-01 00:00:00 |w 2016-12-01 |y ARXIU | ||
| 999 | |c 44361 |d 44361 | ||